| 000 | 00573nam a2200205 a 4500 | ||
|---|---|---|---|
| 001 | 000013873 | ||
| 005 | 20200929163359.0 | ||
| 008 | 091130s2002 pn 000 f spa d | ||
| 020 | _a996281216X | ||
| 040 |
_aDO-SdBNP _bspa _cBNPHU |
||
| 082 |
_aP863.5 _bJ61v |
||
| 100 | 1 |
_aJiménez, Edgardo. _931423 |
|
| 245 | 1 | 0 |
_aVicio de un destino / _cEdgardo Jiménez. |
| 260 |
_aPanamá : _bCírculo de Lectura de la USMA, _c2002. |
||
| 300 |
_a296 p. ; _c22 cm. |
||
| 650 | 4 |
_aNovela panameña _921757 |
|
| 650 | 4 |
_aLiteratura panameña _94261 |
|
| 910 | _aWM | ||
| 049 | _aBNGR | ||
| 999 |
_c13479 _d13479 |
||